[Event "Mondiale Lampo 2016"]
[Site "Doha QAT"]
[Date "2016.12.30"]
[Round "20.2"]
[White "Wojtaszek, Radoslaw"]
[Black "Karjakin, Sergey"]
[Result "0-1"]
[WhiteElo "2749"]
[BlackElo "2785"]
[PlyCount "126"]
[EventDate "2016.12.29"]

1. d4 Nf6 2. c4 e6 3. Nf3 b6 4. g3 Ba6 5. b3 Bb4+ 6. Bd2 Be7 7. Bg2 d5 8. O-O
c6 9. Qc2 Nbd7 10. Rd1 O-O 11. Bf4 Nh5 12. Bc1 Nhf6 13. Bf4 Nh5 14. Bc1 Nhf6
15. Bf4 Rc8 16. Nc3 Nh5 17. Bc1 Nhf6 18. Bf4 h6 19. e4 dxc4 20. Nd2 b5 21. bxc4
bxc4 22. Bf1 Nb6 23. a4 g5 24. Be3 Ng4 25. a5 Nxe3 26. fxe3 Nd7 27. Bxc4 Bb5
28. e5 g4 29. Qe4 Bg5 30. Qxg4 Kh8 31. Qe4 f5 32. Qf3 Qe8 33. h4 Bd8 34. Ne2
Rg8 35. Kh2 Nf8 36. Nf4 Rg4 37. Rac1 Bxa5 38. e4 Bxd2 39. Rxd2 Bxc4 40. Rxc4
Ng6 41. exf5 exf5 42. Rg2 Nxf4 43. gxf4 Qh5 44. Rxg4 fxg4 45. Qg3 Qf5 46. d5
Rb8 47. Qc3 cxd5 48. e6+ Kg8 49. Rc7 Qxf4+ 50. Kg2 Qe4+ 51. Kg3 d4 52. Rc8+
Rxc8 53. Qxc8+ Kg7 54. Qd7+ Kf6 55. Qf7+ Ke5 56. e7 Qe3+ 57. Kg2 Qe2+ 58. Kg3
Qe3+ 59. Kg2 Qe2+ 60. Qf2 Qe4+ 61. Kg3 Kd6 62. Qf6+ Kd7 63. Qxh6 Qe3+ 0-1

[Event "Mondiale Lampo 2016"]
[Site "Doha QAT"]
[Date "2016.12.30"]
[Round "21.2"]
[White "Karjakin, Sergey"]
[Black "Jobava, Baadur"]
[Result "1-0"]
[WhiteElo "2785"]
[BlackElo "2702"]
[PlyCount "85"]
[EventDate "2016.12.29"]

1. e4 e5 2. Nf3 Nf6 3. Nxe5 d5 4. exd5 Qxd5 5. d4 Nc6 6. Nc3 Qxd4 7. Nxc6 Qxd1+
8. Nxd1 bxc6 9. Be2 Bd6 10. Ne3 O-O 11. O-O Re8 12. Bf3 Bd7 13. Nc4 Bc5 14. Bf4
Nd5 15. Bg3 Bf5 16. Ne5 Bxc2 17. Rac1 Bd6 18. Nxc6 Be4 19. Rfe1 Bxf3 20. Rxe8+
Rxe8 21. gxf3 f5 22. Bxd6 cxd6 23. Kf1 a6 24. Rd1 Nb6 25. b3 d5 26. Nd4 g6 27.
Rc1 Nd7 28. Rc6 a5 29. Rd6 Ne5 30. Rxd5 Nd3 31. Ne2 Rxe2 32. Rd8+ Kf7 33. Kxe2
Nc1+ 34. Kd2 Nxa2 35. Ra8 Nb4 36. Rxa5 Nc6 37. Ra4 Ne5 38. Ke3 g5 39. h3 h5 40.
f4 gxf4+ 41. Kxf4 Nd3+ 42. Kxf5 Nxf2 43. h4 1-0